000 00367nam a2200145Ia 4500
008 230917s9999||||xx |||||||||||||| ||und||
040 _e48975
_aMAIN
041 _aEnglish
082 _a823.7 D555H:R
100 _aHobsbaum, Philip
245 2 _aA reader's guide to Charles Dickens
260 _aLondon
_bThames and Hudson
_c1972
300 _a318 p.
942 _cBK
999 _c172846
_d172846